| 000 | 00542nam a2200193 i 4500 | ||
|---|---|---|---|
| 001 | 76011 | ||
| 003 | ES-MaACL | ||
| 005 | 20250607063020.0 | ||
| 007 | t| | ||
| 008 | 040928s1972 sp |||| | spa d | ||
| 080 | _a82-91.09"19" | ||
| 100 | 1 |
_aGubern, Román, _d1934- _960377 |
|
| 245 | 1 | 3 |
_aEl lenguaje de los cómics / _cRomán Gubern. |
| 260 |
_aBarcelona : _bPenínsula, _c1972. |
||
| 300 |
_a180 p. ; _c19 cm. |
||
| 650 | 7 |
_aCómics- _xHistoria y crítica _2 _9148172 |
|
| 852 |
_aES-MaACL _jC-42846 |
||
| 999 |
_c76011 _d76011 |
||